000 00443nam a22001577a 4500
003 NUST
038 _asaima
082 _a005
_bMCS
100 _aAhmed, Hannia
_935227
245 _aAn Improved Content Based Image Retrival Technique /
260 _aIslamabad :
_bMCS - NUST,
_c2017
300 _a49 p. ;
_c30cm.
650 _aComputer Science-An Improved Content Based Image
_935228
700 _aDr. Abdul Ghafoor
_916207
942 _2ddc
_cTHE
999 _c540928
_d540928